| 000 | 00348nam a22001217a 4500 | ||
|---|---|---|---|
| 082 | _aP-1000 | ||
| 100 |
_aCapt Wasim Akram _951420 |
||
| 245 |
_aProduction of Lightweight Aggregate Concrete _bSyn # 9 |
||
| 260 |
_aRisalpur, _bMCE, _c2018. |
||
| 526 |
_a0 _b0 _c0 _dP_1000 |
||
| 700 |
_a Asst Prof Dr Muhammad Shahid Siddique _951421 |
||
| 942 |
_2ddc _cBK |
||
| 999 |
_c554108 _d554108 |
||